000 01128nam a2200289 a 4500
005 20230826063546.0
008 991125s1996 mx 000 0 spa u
035 _aUPN01000003771
049 _aTES
099 _a13054
245 0 0 _aAplicación del sistema de numeración decimal en la sustracción /
_cRaquel Alvarez Ramos ... [et al.].
260 _aMazatlán, Sin. :
_bR. Alvarez Ramos,
_c1996.
300 _a111 h.
500 _a"Unidad 252"
502 _aTesis (Lic. en Educación Primaria) -- Universidad Pedagógica Nacional, 1996
590 _aTesis colectiva de: R. Alvarez R., L. Barrón S., S. López L., L.L. Navarro T., M.J. Sánchez S.
650 4 _aAritmética
_xEstudio y enseñanza (Elemental)
_95289
650 2 _aNumeración
_926
650 4 _aRESTA
700 1 _aAlvarez Ramos, Raquel,
_ecoaut.
700 1 _aBarrón Seguame, Lucina,
_ecoaut.
700 1 _aLópez, Lorena Soledad,
_ecoaut.
700 1 _aNavarro Tirado, Luz Lilián,
_ecoaut.
700 1 _aSánchez Salaiza, María de Jesús,
_ecoaut.
710 2 _aUniversidad Pedagógica Nacional (México).
_bUnidad 252
_928463
905 _aTesis
999 _c3771
_d3771